Natural history photography. (Record no. 26773)

MARC details
000 -LEADER
fixed length control field 00311nam a2200121Ia 4500
082 ## - DEWEY DECIMAL CLASSIFICATION NUMBER
Classification number 57.087.3
Item number ETT
100 ## - MAIN ENTRY--AUTHOR NAME
Personal name ETTLINGER, D M turner
245 #0 - TITLE STATEMENT
Title Natural history photography.
260 ## - PUBLICATION, DISTRIBUTION, ETC. (IMPRINT)
Place of publication London
Name of publisher Academic
Year of publication 1974
650 ## - SUBJECT ADDED ENTRY--TOPICAL TERM
Topical Term Natural history
942 ## - ADDED ENTRY ELEMENTS (KOHA)
Koha item type Books
Holdings
Withdrawn status Lost status Damaged status Not for loan Home library Current library Date acquired Full call number Accession Number Koha item type
        RRII Library RRII Library 16/12/2021 57.087.3 ETT 07405 Books